Salta al contenuto

Россия и ее народы Учебное пособие

В учебном пособии на основе требований компетентностного подхода к подготовке специалистов сферы туризма и сервиса излагается базовая научно-образовательная информация об этнокультурном многообразии России в его социально-историческом и современном значении. На современной научной основе показаны эт...

Descrizione completa

Salvato in:
Dettagli Bibliografici
Autore principale: Федулин А.А
Natura: Учебное пособие
Edizione:1
Accesso online:https://znanium.com/catalog/document?id=256258
https://znanium.com/cover/0452/452447.jpg
Tags: Aggiungi Tag
Nessun Tag, puoi essere il primo ad aggiungerne! !
LEADER 03819nam0a2200253 i 4500
001 RU\infra-m\znanium\bibl\452447
003 https://znanium.com/catalog/document?id=256258
005 20190327000000.0
100 |a 20190327d2013 m y0rusy0150 ca 
101 0 |a rus 
102 |a RU 
200 1 |a Россия и ее народы  |e Учебное пособие  |f Российский государственный университет туризма и сервиса 
205 |a 1 
210 1 |a Москва  |c Российский государственный университет туризма и сервиса  |d 2012 
215 |a 184 с. 
330 |a В учебном пособии на основе требований компетентностного подхода к подготовке специалистов сферы туризма и сервиса излагается базовая научно-образовательная информация об этнокультурном многообразии России в его социально-историческом и современном значении. На современной научной основе показаны этнокультурная карта этногенез история и культурное достояние народов Российской Федерации. В интересах успешной социализации и гуманитарной подготовки специалистов сферы туризма и сервиса освещаются основные теоретико-методологические подходы к изучению этничности и этнической культуры основные этапы и историческое значение процесса складывания этнокультурного богатства и многообразия российского общества. Специально выделены проблемы и специфика формирования культуры межэтнических отношений и толерантности дан анализ этносоциальной ситуации в современной России сформулированы требования к этнокультурной грамотности специалистов сферы туризма и сервиса. Приведены список рекомендуемой для углубленного изучения предмета литературы тесты для самопроверки темы для самостоятельных работ и методические рекомендации по изучению дисциплины. Учебное пособие адресовано студентам всех направлений подготовки квалификация бакалавр. 
333 |a ВО - Бакалавриат 
606 |a История. Исторические науки  |x Этнография народов России  |2 local 
608 |a Учебное пособие  |2 local 
700 1 |a Федулин  |b А.А.  |g Александр Алексеевич  |p Российский государственный университет туризма и сервиса 
701 1 |a Аманжолова  |b Д. А.  |g Дина Ахметжановна 
801 0 |a RU  |b Общество с ограниченной ответственностью «ЗНАНИУМ»  |c 20131220  |2 rusmarc 
856 4 |a znanium.com  |m ebs_support@infra-m.ru  |n НИЦ ИНФРА-М  |u https://znanium.com/catalog/document?id=256258 
856 4 1 |a znanium.com  |d /cover/0452  |f 452447.jpg  |q image/jpeg  |u https://znanium.com/cover/0452/452447.jpg 
Cannot write session to /tmp/vufind_sessions/sess_sj47nquq3p52nocp66cpa2foj1